000 03689nam a22004457a 4500
005 2008060203433.0
008 080602t xxu||||| |||| 00| 0 eng d
010 _aENG-90248 B-309927-937
020 _a01956911717
_c745.00
020 _a9780195691719
_c745.00
035 _aEN-73781
035 _aB-309927-937
035 _aB-359132
037 _bDBAD / PUB
037 _bPansy Books
040 _adpl
_bEnglish
082 _a382.3
100 _aMarjit, Sugata
245 _aInternational trade and economic development:
_bessays in theory and policy /
_cby Sugata Marjit
260 _aNew Delhi
_bOxford University Press
_c2008
270 _aYMCA, Library Building, Jai Singh Road
_bNew Delhi
_e110001
300 _axix, 338p.
_c22cm(Hb)
500 _aIncludes index
942 _2ddc
_cEN
_h382.3
_mMAR
999 _c13120
_d13120